000 01064nam a2200301 a 4500
001 BRL_353
005 20190320210712.0
008 310713s1960----mx-a######---#010-0dspa-#
041 _aspa
044 _amx
050 4 _aNE546.P6
_b.M89 1960
100 1 _aMuyaes, Jaled
_97828
245 1 0 _aLa Revolución Mexicana
_bvista por José Guadalupe Posada
_crecopilación y representación de Jaled Muyaes.
260 _aMéxico
_bPolicromia
_c1960
300 _a62 p.
_bil.
_c32 cm.
500 _aAu2373
500 _aVer también número de sistema 2785 perteneciente al Fondo General Franz Mayer
600 1 4 _aPosada, José Guadalupe
_d1852-1913
_94998
650 1 4 _aRevolución Mexicana
_xGrabados
_y1910-1960
_zMéxico
_923631
650 1 4 _aGrabadores mexicanos
_97389
651 4 _aMéxico
_vGrabados
_xVida social y costumbres
_y1910-1960
_923632
700 1 _aEchaniz, Guillermo
_eed.
_923633
700 1 _aEscallada, Alfredo
_eed.
_923634
700 1 _aFosado, Víctor
_eed.
_923635
700 1 _aMusalem, Carlos
_eed.
_923636
902 _aGRL
942 _2lcc
_cB
999 _c9166
_d9166